|
|
|
|
| LEADER |
00967cam a2200265 a 4500 |
| 001 |
0000064661 |
| 005 |
20030609090000.0 |
| 040 |
|
|
|a mod
|
| 041 |
|
|
|a eng
|
| 020 |
0 |
0 |
|a 0833025910
|
| 090 |
0 |
0 |
|a 355.031095105
|b INC
|c f
|e 1998
|
| 245 |
0 |
0 |
|a In China's shadow
|c edited by Jonathan D. Pollack and Richard H. Yang
|
| 260 |
0 |
0 |
|a Washington
|b RAND
|c 1998
|
| 300 |
0 |
0 |
|a ix, 184 p.
|c 28 cm.
|
| 440 |
0 |
0 |
|a Conference proceedings (Rand Corporation)
|
| 500 |
0 |
0 |
|a Includes bibliographical references.
|
| 650 |
0 |
0 |
|a Asia
|x Military relations
|z China
|x Congresses.
|
| 651 |
0 |
0 |
|a China
|x Military relations
|z Asia
|x Congresses.
|
| 700 |
1 |
1 |
|a Pollack
|h Jonathan D.
|
| 700 |
1 |
1 |
|a Yang
|h Richard H.
|
| 710 |
1 |
1 |
|a Rand Corporation. National Security Research Division.
|
| 710 |
1 |
1 |
|a Center for Asia-Pacific Policy (Rand Corporation)
|
| 710 |
1 |
1 |
|a Chinese Council of Advanced Policy Studies.
|
| 852 |
0 |
0 |
|a 01
|
| 999 |
|
|
|a 0208806
|b KEMENTAH
|d BOOKS
|e Rujukan
|f Perpustakaan KEMENTAH
|j AVAILABLE
|q GOOD CONDITION
|